<?xml version="1.0" encoding="UTF-8"?>
<record
    xmlns:xsi="http://www.w3.org/2001/XMLSchema-instance"
    xsi:schemaLocation="http://www.loc.gov/MARC21/slim http://www.loc.gov/standards/marcxml/schema/MARC21slim.xsd"
    xmlns="http://www.loc.gov/MARC21/slim">

  <leader>01230nam a2200349 a 4500</leader>
  <controlfield tag="001">43661</controlfield>
  <controlfield tag="003">BD-RjUL</controlfield>
  <controlfield tag="005">20211209053731.0</controlfield>
  <controlfield tag="008">160626s1953    it a          000 0 eng d</controlfield>
  <datafield tag="035" ind1=" " ind2=" ">
    <subfield code="a">MITb10904529</subfield>
  </datafield>
  <datafield tag="035" ind1=" " ind2=" ">
    <subfield code="a">(BD-RjUL)43779</subfield>
  </datafield>
  <datafield tag="040" ind1=" " ind2=" ">
    <subfield code="a">FCJ</subfield>
    <subfield code="b">fre</subfield>
    <subfield code="c">FCJ</subfield>
    <subfield code="d">BD-RjUL</subfield>
  </datafield>
  <datafield tag="041" ind1="0" ind2=" ">
    <subfield code="a">engfre</subfield>
  </datafield>
  <datafield tag="082" ind1=" " ind2=" ">
    <subfield code="a">332.1</subfield>
    <subfield code="b">PAP V-1-5 1953-1954</subfield>
  </datafield>
  <datafield tag="090" ind1=" " ind2=" ">
    <subfield code="a">HG3701</subfield>
    <subfield code="b">.C66x 1953</subfield>
  </datafield>
  <datafield tag="110" ind1="2" ind2=" ">
    <subfield code="a">Conference International du Credit.</subfield>
    <subfield code="9">134165</subfield>
  </datafield>
  <datafield tag="245" ind1="1" ind2="0">
    <subfield code="a">Papers and proceedings of the first international credit conference =</subfield>
    <subfield code="b">Comptes rendus de la premiere conference internationale du credit /</subfield>
    <subfield code="c">Conference International du Credit</subfield>
  </datafield>
  <datafield tag="246" ind1="3" ind2="1">
    <subfield code="a">Comptes rendus de la premiere conference internationale du credit</subfield>
  </datafield>
  <datafield tag="260" ind1=" " ind2=" ">
    <subfield code="a">Roma :</subfield>
    <subfield code="b">Associazione Bancaria Italiana,</subfield>
    <subfield code="c">1953-1954</subfield>
  </datafield>
  <datafield tag="300" ind1=" " ind2=" ">
    <subfield code="a">5 v. :</subfield>
    <subfield code="b">ill. ;</subfield>
    <subfield code="c">24 cm.</subfield>
  </datafield>
  <datafield tag="500" ind1=" " ind2=" ">
    <subfield code="a">Texte en anglais et en fran&#xFFFD;ais.</subfield>
  </datafield>
  <datafield tag="505" ind1="0" ind2=" ">
    <subfield code="a">Vol. 1 -- 5</subfield>
  </datafield>
  <datafield tag="650" ind1=" " ind2="0">
    <subfield code="a">Bank and Banking</subfield>
    <subfield code="9">122606</subfield>
  </datafield>
  <datafield tag="710" ind1=" " ind2=" ">
    <subfield code="a">Conference International du Credit</subfield>
    <subfield code="9">134165</subfield>
  </datafield>
  <datafield tag="942" ind1=" " ind2=" ">
    <subfield code="2">ddc</subfield>
    <subfield code="c">BK</subfield>
  </datafield>
  <datafield tag="946" ind1=" " ind2=" ">
    <subfield code="a">t</subfield>
  </datafield>
  <datafield tag="949" ind1=" " ind2=" ">
    <subfield code="a">c</subfield>
    <subfield code="p">39080021810327</subfield>
    <subfield code="v">v.1</subfield>
  </datafield>
  <datafield tag="949" ind1=" " ind2=" ">
    <subfield code="a">c</subfield>
    <subfield code="p">39080021810335</subfield>
    <subfield code="v">v.2</subfield>
  </datafield>
  <datafield tag="949" ind1=" " ind2=" ">
    <subfield code="a">c</subfield>
    <subfield code="p">39080021810343</subfield>
    <subfield code="v">v.3</subfield>
  </datafield>
  <datafield tag="949" ind1=" " ind2=" ">
    <subfield code="a">c</subfield>
    <subfield code="p">39080021810350</subfield>
    <subfield code="v">v.4</subfield>
  </datafield>
  <datafield tag="949" ind1=" " ind2=" ">
    <subfield code="a">c</subfield>
    <subfield code="p">39080021810368</subfield>
    <subfield code="v">v.5</subfield>
  </datafield>
  <datafield tag="999" ind1=" " ind2=" ">
    <subfield code="c">43661</subfield>
    <subfield code="d">43661</subfield>
  </datafield>
  <datafield tag="952" ind1=" " ind2=" ">
    <subfield code="0">0</subfield>
    <subfield code="1">0</subfield>
    <subfield code="2">ddc</subfield>
    <subfield code="4">0</subfield>
    <subfield code="7">0</subfield>
    <subfield code="8">NFIC</subfield>
    <subfield code="a">RUCL</subfield>
    <subfield code="b">RUCL</subfield>
    <subfield code="c">Stack</subfield>
    <subfield code="d">1958-03-08</subfield>
    <subfield code="e">Publisher United LTD.</subfield>
    <subfield code="g">146.40</subfield>
    <subfield code="l">0</subfield>
    <subfield code="o">332.1 PAP V-1 1953</subfield>
    <subfield code="r">2016-06-26 00:00:00</subfield>
    <subfield code="t">C-2</subfield>
    <subfield code="w">2016-06-26</subfield>
    <subfield code="y">BK</subfield>
  </datafield>
  <datafield tag="952" ind1=" " ind2=" ">
    <subfield code="0">0</subfield>
    <subfield code="1">0</subfield>
    <subfield code="2">ddc</subfield>
    <subfield code="4">0</subfield>
    <subfield code="7">0</subfield>
    <subfield code="8">NFIC</subfield>
    <subfield code="a">RUCL</subfield>
    <subfield code="b">RUCL</subfield>
    <subfield code="c">Stack</subfield>
    <subfield code="d">1958-03-08</subfield>
    <subfield code="e">Publisher United LTD.</subfield>
    <subfield code="g">146.40</subfield>
    <subfield code="l">0</subfield>
    <subfield code="o">332.1 PAP V-5 1954</subfield>
    <subfield code="r">2016-06-26 00:00:00</subfield>
    <subfield code="t">C-2</subfield>
    <subfield code="w">2021-12-09</subfield>
    <subfield code="y">BK</subfield>
  </datafield>
  <datafield tag="952" ind1=" " ind2=" ">
    <subfield code="0">0</subfield>
    <subfield code="1">0</subfield>
    <subfield code="2">ddc</subfield>
    <subfield code="4">0</subfield>
    <subfield code="7">0</subfield>
    <subfield code="8">NFIC</subfield>
    <subfield code="a">RUCL</subfield>
    <subfield code="b">RUCL</subfield>
    <subfield code="c">Stack</subfield>
    <subfield code="d">1958-03-08</subfield>
    <subfield code="e">Publisher United LTD.</subfield>
    <subfield code="g">146.40</subfield>
    <subfield code="l">0</subfield>
    <subfield code="o">332.1 PAP V-2 1953</subfield>
    <subfield code="r">2016-06-26 00:00:00</subfield>
    <subfield code="t">C-2</subfield>
    <subfield code="w">2016-06-26</subfield>
    <subfield code="y">BK</subfield>
  </datafield>
  <datafield tag="952" ind1=" " ind2=" ">
    <subfield code="0">0</subfield>
    <subfield code="1">0</subfield>
    <subfield code="2">ddc</subfield>
    <subfield code="4">0</subfield>
    <subfield code="7">0</subfield>
    <subfield code="8">NFIC</subfield>
    <subfield code="a">RUCL</subfield>
    <subfield code="b">RUCL</subfield>
    <subfield code="c">Stack</subfield>
    <subfield code="d">1958-03-08</subfield>
    <subfield code="e">Publisher United LTD.</subfield>
    <subfield code="g">146.40</subfield>
    <subfield code="l">0</subfield>
    <subfield code="o">332.1 PAP V-3 1953</subfield>
    <subfield code="r">2016-06-26 00:00:00</subfield>
    <subfield code="t">C-2</subfield>
    <subfield code="w">2016-06-26</subfield>
    <subfield code="y">BK</subfield>
  </datafield>
  <datafield tag="952" ind1=" " ind2=" ">
    <subfield code="0">0</subfield>
    <subfield code="1">0</subfield>
    <subfield code="2">ddc</subfield>
    <subfield code="4">0</subfield>
    <subfield code="7">0</subfield>
    <subfield code="8">NFIC</subfield>
    <subfield code="a">RUCL</subfield>
    <subfield code="b">RUCL</subfield>
    <subfield code="c">Stack</subfield>
    <subfield code="d">1958-03-08</subfield>
    <subfield code="e">Publisher United LTD.</subfield>
    <subfield code="g">146.40</subfield>
    <subfield code="l">0</subfield>
    <subfield code="o">332.1 PAP V-4 1954</subfield>
    <subfield code="r">2016-06-26 00:00:00</subfield>
    <subfield code="t">C-2</subfield>
    <subfield code="w">2016-06-26</subfield>
    <subfield code="y">BK</subfield>
  </datafield>
</record>
